Technical drawing

Bibliographic Details
Main Author: Maguire, D. E.
Other Authors: Simmons, C. H.
Format: Book
Published: London : The English Language Book Society , c1981
Subjects:

MARC

LEADER 00000cam a2200000 7i4500
001 0000002047
005 20050427.0
020 |a 034027705 
040 |a INS 
090 0 0 |a T353.   |b M215 1981 
100 1 |a Maguire, D. E. 
245 1 0 |a Technical drawing   |c D. E. Maguire 
260 |a London :   |b The English Language Book Society ,   |c c1981 
300 |a vii, 256p. 
650 0 0 |a Mechanical drawings 
700 1 |a Simmons, C. H. 
999 |a 0000000629   |b BOOK   |c Open Shelf   |e Default branch